• 首页
  • 本馆介绍
  • 公告通知
  • 最新文献
  • 馆藏检索
  • 电子资源
  • 读者导购
  • 参考咨询
  • 我的图书馆
  • 登录
  • 详细信息显示
  • 放入我的书架
  • 预约/预借图书
  • 作者相关作品
  • 分类相关作品
  • 丛书相关作品
  • 出版社相关作品

书目信息

  • 表格格式
  • 工作单格式
  • 卡片格式
题名:
新媒体教父
    
 
作者: 特纳 , Turner 著 ;华经 译
分册:  
出版信息: 北京   机械工业出版社  2002
页数: 10,205页
开本: 20cm
丛书名:
单 册:
中图分类: K815.38
科图分类:
主题词: 传播媒介--企业家--生平事迹--世界--现代 , CT--S009349--传播媒介 , CT--S058310--企业家
电子资源:
ISBN: 7-111-09880-3
000 01087nam0 2200301 45
001 012002054093
005 20031219104109.4
010    @a7-111-09880-3@dCNY15.00
100    @a20020704d2002 em y0chiy0110 ea
101 1  @achi@ceng
102    @aCN@b110000
105    @ay z 000yd
106    @ar
200 1  @a新媒体教父@9xin mei ti jiao fu@f(美)玛西雅·雷登·特纳(Marcia Layton Turner)著@g华经译
210    @a北京@c机械工业出版社@d2002
215    @a10,205页@d20cm
306    @a与麦格劳-希尔教育出版集团合作出版
330    @a本书将带领你进入新媒体界传奇性领导人物的世界里,探索他们非凡创新的思考方式,并深入探讨他们为了要使公司转形,所必须面对的挑战、危机和困难的决定。
510 1  @aHow to Think Like the World's Greatest New Media Moguls@zeng
606 0  @a传播媒介@x企业家@x生平事迹@y世界@z现代
606 0  @2CT@3S009349@a传播媒介
606 0  @2CT@3S058310@a企业家
690    @aK815.38@v4
701  1 @a特纳@9te na@bM.L.@4著
701  1 @aTurner@bMarcia Layton@4著
702  0 @a华经@9hua jing@4译
801    @aCN@bTSTC@c20030416
905    @b322927-931@dK815.38@e68@f5
    
    新媒体教父/(美)玛西雅·雷登·特纳(Marcia Layton Turner)著/华经译.-北京:机械工业出版社,2002
    10,205页;20cm
    
    
    ISBN 7-111-09880-3:CNY15.00
    本书将带领你进入新媒体界传奇性领导人物的世界里,探索他们非凡创新的思考方式,并深入探讨他们为了要使公司转形,所必须面对的挑战、危机和困难的决定。
●
相关链接 在E读中查询图书 在五车中查询图书 在当当中查询图书 在豆瓣中查询图书


正题名:新媒体教父     索取号:K815.38/68         预约/预借

序号 登录号 条形码 馆藏地/架位号 状态 备注
1 0322927   203229274   第二借阅区/ [索取号:K815.38/68] 在馆    
2 0322928   203229283   第二借阅区/ [索取号:K815.38/68] 在馆    
3 0322929   203229292   第二借阅区/ [索取号:K815.38/68] 在馆    
4 0322930   203229309   第二借阅区/ [索取号:K815.38/68] 在馆    
5 0322931   203229318   第二样本阅览室/ [索取号:K815.38/68] 在馆    
唐山师范学院图书馆 欢迎您!
大连网信软件有限公司© 版权所有